[Event "Managua Hurtado Memorial 15th"]
[Site "Managua"]
[Date "2015.12.30"]
[Round "8"]
[White "Alfaro Caracas, William"]
[Black "Rivera Reyes, Anthony J"]
[Result "1-0"]
[WhiteElo "2164"]
[BlackElo "1785"]
[PlyCount "55"]
[EventDate "2015.12.26"]
[EventType "swiss"]
[EventRounds "9"]
[EventCountry "NCA"]
[SourceTitle "CBM 170 Extra"]
[Source "ChessBase"]
[SourceDate "2016.02.25"]
[SourceVersion "1"]
[SourceVersionDate "2016.02.25"]
[SourceQuality "1"]

1. d4 Nf6 2. Nf3 d5 3. c4 c6 4. Nc3 e6 5. Bg5 Nbd7 6. cxd5 exd5 7. e3 Bd6 8. Bd3 0-0 9. Qc2 Qc7 10. 0-0 h6 11. Bh4 Re8 12. Rfc1 Qd8 13. Rab1 Qe7 14. a3 a5 15. Na4 g5 16. Bg3 Bxg3 17. hxg3 Ne4 18. Bxe4 dxe4 19. Nd2 Rb8 20. b4 b5 21. Nc5 Nxc5 22. Qxc5 Qxc5 23. Rxc5 axb4 24. axb4 Bb7 25. Nb3 Ba8 26. Na5 Rb6 27. Rbc1 Re6 28. d5 1-0

[Event "Managua Hurtado Memorial 15th"]
[Site "Managua"]
[Date "2015.12.30"]
[Round "9"]
[White "Rivera Reyes, Anthony J"]
[Black "Pichardo, Carlos"]
[Result "1-0"]
[WhiteElo "1785"]
[BlackElo "1795"]
[PlyCount "45"]
[EventDate "2015.12.26"]
[EventType "swiss"]
[EventRounds "9"]
[EventCountry "NCA"]
[SourceTitle "CBM 170 Extra"]
[Source "ChessBase"]
[SourceDate "2016.02.25"]
[SourceVersion "1"]
[SourceVersionDate "2016.02.25"]
[SourceQuality "1"]

1. e4 e6 2. d4 d5 3. exd5 exd5 4. Bd3 Bd6 5. Ne2 Nf6 6. Nbc3 c6 7. Bg5 Bg4 8. f3 Bh5 9. Qd2 Nbd7 10. 0-0-0 0-0 11. Ng3 Bg6 12. Nf5 Qc7 13. h4 Bxf5 14. Bxf5 g6 15. Bxd7 Nxd7 16. h5 a6 17. f4 Nf6 18. Rh4 Ne4 19. Nxe4 dxe4 20. Rdh1 Rfe8 21. Qe3 Be7 22. hxg6 f6 23. Qb3+ 1-0

[Event "Managua Hurtado Memorial 15th"]
[Site "Managua"]
[Date "2015.12.29"]
[Round "7"]
[White "Rivera Reyes, Anthony J"]
[Black "Arias, Lemnys A"]
[Result "0-1"]
[WhiteElo "1785"]
[BlackElo "2318"]
[PlyCount "62"]
[EventDate "2015.12.26"]
[EventType "swiss"]
[EventRounds "9"]
[EventCountry "NCA"]
[SourceTitle "CBM 170 Extra"]
[Source "ChessBase"]
[SourceDate "2016.02.25"]
[SourceVersion "1"]
[SourceVersionDate "2016.02.25"]
[SourceQuality "1"]

1. e4 c5 2. Nc3 e6 3. f4 d5 4. e5 h5 5. Nf3 Ne7 6. Be2 Nbc6 7. 0-0 Nf5 8. b3 a6 9. a4 Qb6 10. Kh1 h4 11. Ng5 Be7 12. Nh3 Qc7 13. Bf3 Ncd4 14. Ne2 Nxf3 15. Rxf3 d4 16. d3 Bd7 17. Nf2 Bc6 18. Ne4 b6 19. Qe1 0-0-0 20. Ng1 f6 21. exf6 gxf6 22. Bd2 Bd5 23. a5 b5 24. c4 dxc3 25. Bxc3 Kb7 26. Rc1 Rc8 27. Bb4 Nd4 28. Nxc5+ Bxc5 29. Rxc5 Qd7 30. Rh3 Rxc5 31. Bxc5 Qc6 0-1

[Event "Managua Hurtado Memorial 15th"]
[Site "Managua"]
[Date "2015.12.26"]
[Round "1"]
[White "Rivera Reyes, Anthony J"]
[Black "Pilarte, Rene"]
[Result "0-1"]
[WhiteElo "1785"]
[BlackElo "2189"]
[PlyCount "60"]
[EventDate "2015.12.26"]
[EventType "swiss"]
[EventRounds "9"]
[EventCountry "NCA"]
[SourceTitle "CBM 170 Extra"]
[Source "ChessBase"]
[SourceDate "2016.02.25"]
[SourceVersion "1"]
[SourceVersionDate "2016.02.25"]
[SourceQuality "1"]

1. e4 c5 2. Nc3 d6 3. f4 g6 4. Nf3 Bg7 5. Bc4 e6 6. 0-0 Ne7 7. d3 Nbc6 8. Qe1 0-0 9. Qh4 Nd4 10. f5 gxf5 11. Bh6 Ng6 12. Qh5 Bxh6 13. Qxh6 Qf6 14. Rae1 Bd7 15. Ng5 Qg7 16. Qxg7+ Kxg7 17. exf5 Nxf5 18. Rxf5 exf5 19. Nd5 Ne5 20. Nh3 b5 21. Bb3 c4 22. dxc4 bxc4 23. Rxe5 dxe5 24. Bxc4 Rac8 25. Bb3 Be6 26. c3 Rfd8 27. Ne3 Bxb3 28. axb3 Kf6 29. Nf2 Rd2 30. Nc4 Rxc4 0-1